Από τον ληστή στον αντάρτη : τα ένοπλα κινήματα των Γιαγάδων στη Σάμο (1914-1925)
Αποθηκεύτηκε σε:
| Κύριος συγγραφέας: | |
|---|---|
| Μορφή: | Βιβλίο |
| Γλώσσα: | Greek |
| Δημοσίευση: |
Αθήνα :
Νήσος,
2012.
|
| Σειρά: | Πολιτείες ;
22 |
| Θέματα: | |
| Ετικέτες: |
Προσθήκη ετικέτας
Δεν υπάρχουν, Καταχωρήστε ετικέτα πρώτοι!
|
MARC
| LEADER | 00000cam a2200000 i 4500 | ||
|---|---|---|---|
| 001 | 1/67900 | ||
| 008 | 150226s2012 gr | ||| |||| ||gre|| | ||
| 020 | |a 9789609535366 | ||
| 035 | |l 10121253 | ||
| 040 | |a GR-MyUA |b gre |e AACR2 | ||
| 041 | 0 | |a gre | |
| 082 | 0 | |a 938.975 |2 (23) | |
| 100 | 1 | |a Βαφέας, Νίκος. | |
| 245 | 1 | 0 | |a Από τον ληστή στον αντάρτη : |b τα ένοπλα κινήματα των Γιαγάδων στη Σάμο (1914-1925) / |c Νίκος Βαφέας. |
| 260 | |a Αθήνα : |b Νήσος, |c 2012. | ||
| 300 | |a 186 σ. : |b εικ., πιν. ; |c 21 εκ. | ||
| 490 | 1 | |a (Πολιτείες |v ; 22) | |
| 504 | |a Βιβλιογραφία: σ. [179]-186. | ||
| 650 | 0 | 0 | |a Revolutionaries |z Greece |z Samos (Municipality) |y 20th century. |
| 651 | 0 | |a Samos (Greece : Municipality) |x History |y 20th century. | |
| 830 | 0 | |a Πολιτείες ; |v 22 | |
| 852 | |a INST |b SAMOS |e 20150226 |h 938.975 ΒΑΦ |p 005300041832 |q 005300041832 |t BK |y 0 | ||
| 901 | |a BIBL3-2015-1 | ||
| 909 | |a Σ |b 190072 | ||
| 922 | |a 3ΕΛΗ |b 201407 |c ΒΙΒΛΙΟΘΗΚΗ |d BEST BOOK HUNTERS | ||
| 970 | |a ΚΟΣΙΕΡΗΣ |b ΧΡΗΣΤΟΣ |z 2015/02/26 | ||